Automatizácia v MS Exceli prostredníctvom Power Query diplomová práca

Na minha lista:
Detalhes bibliográficos
Autor principal: Ševčík, Adrián
Autor Corporativo: Fakulta hospodárskej informatiky EU. Katedra aplikovanej informatiky
Outros Autores: Szivósová, Mária, 1958-
Formato: Livro
Idioma:eslovaco
Publicado em: Bratislava 2021
Tags: Adicionar Tag
Sem tags, seja o primeiro a adicionar uma tag!

MARC

LEADER 00000nbm a2200000 4500
001 0276130
005 20220318125243.7
041 0 |a slo 
044 |a SK 
245 1 0 |a Automatizácia v MS Exceli prostredníctvom Power Query  |b diplomová práca  |c Adrián Ševčík ; školiteľ: Mária Szivósová 
264 1 |a Bratislava  |c 2021 
300 |a 84 s. 
100 1 |a Ševčík, Adrián 
700 1 |a Szivósová, Mária, 1958- 
710 2 |a Fakulta hospodárskej informatiky EU. Katedra aplikovanej informatiky